000 02369aab a2200217 4500
001 768714001
003 CO-MdFUSB
005 20250228171333.0
008 170811s1987 cr ||||| |||| 00| 0 spa d
040 _aCO-MdFUSB
_bspa
_cCO-MdFUSB
_dCO-MdFUSB
041 _aspa
100 1 _aDeMar, Gary
_eautor
245 1 0 _aLa revelación de la justicia :
_buna entrevista con Ern Baxter
_c/ Gary DeMar
300 _aVolumen 1. Número 1 (1987), páginas 10-12
_c: 28 cm.
520 _aEn esta entrevista, Ern Baxter explica la importancia de la justicia que recibimos a través de Cristo. La justicia, en su definición más básica, es lo que es recto o correcto. El pecado ha alterado nuestra relación con Dios, con nosotros mismos y con los demás, y la restauración comienza con la reconciliación con Dios. Baxter subraya que el hombre, debido a su maldad, no puede corregirse por sí mismo, y la justicia solo puede ser determinada por Dios. Esta justicia se revela a través de la Palabra escrita y la encarnación de Cristo, quien, al morir por nuestros pecados, nos permite ser declarados justos ante Dios. A través de la fe en Cristo, recibimos el don de la justicia, lo que nos pone en una relación correcta con Dios. La regeneración por el Espíritu Santo y la transformación interna son fundamentales en el proceso de hacer que nuestra vida se conforme a la justicia. La justicia impartida por el Espíritu y la Palabra nos guía en el proceso de santificación. Si bien los cristianos son justificados, seguir la dirección de la Palabra de Dios es esencial para vivir en justicia. Además, Baxter señala que, aunque los cristianos justificados puedan caer en pecado, el Espíritu Santo y la Palabra nos capacitan para regresar rápidamente a una relación correcta con Dios. Finalmente, el ministerio de los dones del Espíritu está ligado a la justicia, ya que los dones no son merecidos, pero deben ser utilizados con un carácter recto. Baxter destaca que, a pesar de que los Corintios manifestaban dones espirituales, su carácter torcido era un problema. La justicia en Cristo es clave para un caminar recto y una relación correcta con Dios.
650 7 _aJusticia
_92116
653 _aEntrevista
773 0 _tConquista Cristiana
_049446
_960350
_gVolumen 1. Número 1 (1987), páginas 10-12
_qPágina 10
942 _cANA
945 _aJTF-925
999 _c50358
_d50358